Southville International School and Colleges
Your cart is empty.
  • Cart
  • Lists
    Public lists Eva Luna New books Lux_list list_1
    Your lists Log in to create your own lists
  • Log in to your account
  • Your cookies
  • Search history
Southville International School and Colleges
  • Advanced search
  • Recent comments
  • Most popular
  • Libraries

Log in to your account

Log in with GOOGLE


If you do not have an external account, but do have a local account, you can still log in:

  1. Home
  2. MARC view: Nurses' behaviors and visual scanning patterns may reduce patient identification errors /
Normal view MARC view ISBD view

Nurses' behaviors and visual scanning patterns may reduce patient identification errors / (Record no. 121320)

[ view plain ]
MARC details
000 -LEADER
fixed length control field 00608nam a2200193Ia 4500
008 - FIXED-LENGTH DATA ELEMENTS--GENERAL INFORMATION
fixed length control field 140626s9999 xx 000 0 und d
100 ## - MAIN ENTRY--PERSONAL NAME
Personal name Marquard, Jenna.
245 ## - TITLE STATEMENT
Title Nurses' behaviors and visual scanning patterns may reduce patient identification errors /
Statement of responsibility, etc Jenna Marquard ... [et al.].
260 ## - PUBLICATION, DISTRIBUTION, ETC. (IMPRINT)
Date of publication, distribution, etc c2011.
300 ## - PHYSICAL DESCRIPTION
Extent 17 : 3, page 247
440 ## - SERIES STATEMENT/ADDED ENTRY--TITLE
Title Journal of Experimental Psycholgy : Applied
521 ## - TARGET AUDIENCE NOTE
Target audience note
650 ## - SUBJECT ADDED ENTRY--TOPICAL TERM
Topical term or geographic name as entry element Eye tracking.
650 ## - SUBJECT ADDED ENTRY--TOPICAL TERM
Topical term or geographic name as entry element Medication administration.
650 ## - SUBJECT ADDED ENTRY--TOPICAL TERM
Topical term or geographic name as entry element Medication error.
650 ## - SUBJECT ADDED ENTRY--TOPICAL TERM
Topical term or geographic name as entry element Nursing.
650 ## - SUBJECT ADDED ENTRY--TOPICAL TERM
Topical term or geographic name as entry element Patient identification.
942 ## - ADDED ENTRY ELEMENTS (KOHA)
Koha item type Periodicals
Holdings
Withdrawn status Lost status Damaged status Home library Current library Shelving location Date acquired Total Checkouts Barcode Date last seen Price effective from Koha item type
      College Library College Library Periodical Section 06/26/2014   S0428 06/26/2014 06/26/2014 Periodicals

Nurses' behaviors and visual scanning patterns may reduce patient identification errors /

APA

Marquard J., . (2011). Nurses' behaviors and visual scanning patterns may reduce patient identification errors. : .

Chicago

Marquard Jenna, . 2011. Nurses' behaviors and visual scanning patterns may reduce patient identification errors. : .

Harvard

Marquard J., . (2011). Nurses' behaviors and visual scanning patterns may reduce patient identification errors. : .

MLA

Marquard Jenna, . Nurses' behaviors and visual scanning patterns may reduce patient identification errors. : . 2011.

  • Place hold
  • Print
  • Cite
  • Add to your cart (remove)
  • Save record
    BIBTEX Dublin Core MARCXML MARC (non-Unicode/MARC-8) MARC (Unicode/UTF-8) MARC (Unicode/UTF-8, Standard) MODS (XML) RIS
  • More searches
    Search for this title in:
    Other Libraries (WorldCat) Other Databases (Google Scholar) Online Stores (Bookfinder.com) Open Library (openlibrary.org)

Exporting to Dublin Core...

SOUTHVILLE LIBRARY

Southville International School and Colleges Library

1281 Tropical Ave. Cor. Luxembourg St., BF Homes International, Las Pinas City

Tel. No. 8256374 / 252358 Loc. 117/146

Powered by Koha